Eastern Utah Libraries Catalog: Duchesne, Heber, Roosevelt, & Vernal

Intruders (Record no. 85254)

MARC details
000 -LEADER
fixed length control field 02932cgm a2200649Ka 4500
001 - CONTROL NUMBER
control field ocn795571468
003 - CONTROL NUMBER IDENTIFIER
control field OCoLC
005 - DATE AND TIME OF LATEST TRANSACTION
control field 20241220132551.0
008 - FIXED-LENGTH DATA ELEMENTS--GENERAL INFORMATION
fixed length control field 120615s2012 cau100 vleng d
007 - PHYSICAL DESCRIPTION FIXED FIELD--GENERAL INFORMATION
fixed length control field vd cvaizq
040 ## - CATALOGING SOURCE
Original cataloging agency LPU
Transcribing agency LPU
Modifying agency TEFMT
-- TEF
-- RNC
-- GK8
-- UINTA
019 ## -
-- 796040069
020 ## - INTERNATIONAL STANDARD BOOK NUMBER
International Standard Book Number 9781616661359
020 ## - INTERNATIONAL STANDARD BOOK NUMBER
International Standard Book Number 1616661356
024 10 - OTHER STANDARD IDENTIFIER
Standard number or code 687797135995
028 42 - PUBLISHER NUMBER
Publisher number ME-13599
Source Millennium Entertainment
035 ## - SYSTEM CONTROL NUMBER
System control number (OCoLC)795571468
Canceled/invalid control number (OCoLC)796040069
037 ## - SOURCE OF ACQUISITION
Source of stock number/acquisition Midwest Tape
Note http://www.midwesttapes.com
041 1# - LANGUAGE CODE
Language code of text/sound track or separate title eng
-- eng
-- spa
Language code of original and/or intermediate translations of text eng
044 ## - COUNTRY OF PUBLISHING/PRODUCING ENTITY CODE
MARC country code cau
-- xxu
-- xxk
-- sp
050 #4 - LIBRARY OF CONGRESS CALL NUMBER
Classification number PN1997.2
Item number .I55 2012
082 04 - DEWEY DECIMAL CLASSIFICATION NUMBER
Classification number 791.43/72
Edition number 23
049 ## - LOCAL HOLDINGS (OCLC)
Holding library UCLB
092 ## - LOCALLY ASSIGNED DEWEY CALL NUMBER (OCLC)
Classification number 791.437
245 00 - TITLE STATEMENT
Title Intruders
Medium [videorecording] /
Statement of responsibility, etc Millennium Entertainment presents an Apaches Entertainment & Antena 3 Films production ; written by Nicolás Casariego and Jaime Marques ; directed by Juan Carlos Fresnadillo.
257 ## - COUNTRY OF PRODUCING ENTITY FOR ARCHIVAL FILMS
Country of producing entity United States
-- Great Britain
-- Spain.
-- naf
260 ## - PUBLICATION, DISTRIBUTION, ETC. (IMPRINT)
Place of publication, distribution, etc [Los Angeles] :
Name of publisher, distributor, etc Millennium Entertainment,
Date of publication, distribution, etc 2012.
300 ## - PHYSICAL DESCRIPTION
Extent 1 videodisc (100 min.) :
Other physical details sd., col. ;
Dimensions 4 3/4 in.
538 ## - SYSTEM DETAILS NOTE
System details note DVD, widescreen presentation, NTSC.
511 1# - PARTICIPANT OR PERFORMER NOTE
Participant or performer note Clive Owen, Carice Van Houten, Daniel Bruhl, Pilar López de Ayala, Ella Purnell, Izán Corchero, Héctor Alterio.
500 ## - GENERAL NOTE
General note Originally released as a motion picture in 2011.
546 ## - LANGUAGE NOTE
Language note IIncludes English SDH and Spanish subtitles.
521 8# - TARGET AUDIENCE NOTE
Target audience note Not rated.
520 ## - SUMMARY, ETC.
Summary, etc Though no one can see him, Hollow Face lurks in the corners, desperately desiring love but only knowing how to spread fear and hate. He creeps into the life of John Farrow (Clive Owen) after Farrow's beloved 13-year-old daughter Mia is assaulted in their home. The line between the real and the imaginary blurs as fissures start to open within the family unit. It seems that no security measure can keep Hollow Face out.
650 #0 - SUBJECT ADDED ENTRY--TOPICAL TERM
Topical term or geographic name as entry element Fathers and daughters
Form subdivision Drama.
9 (RLIN) 5690624
650 #0 - SUBJECT ADDED ENTRY--TOPICAL TERM
Topical term or geographic name as entry element Families
Form subdivision Drama.
9 (RLIN) 5675607
650 #0 - SUBJECT ADDED ENTRY--TOPICAL TERM
Topical term or geographic name as entry element Intrusive thoughts
Form subdivision Drama.
9 (RLIN) 6515277
655 #7 - INDEX TERM--GENRE/FORM
Genre/form data or focus term Feature films.
Source of term lcgft
9 (RLIN) 6237036
655 #7 - INDEX TERM--GENRE/FORM
Genre/form data or focus term Horror films.
Source of term lcgft
9 (RLIN) 6237037
655 #7 - INDEX TERM--GENRE/FORM
Genre/form data or focus term Fiction films.
Source of term lcgft
9 (RLIN) 6237038
700 1# - ADDED ENTRY--PERSONAL NAME
Personal name Owen, Clive.
Relator code act
9 (RLIN) 61182
700 1# - ADDED ENTRY--PERSONAL NAME
Personal name Houten, Carice van,
Dates associated with a name 1976-
Relator code act
9 (RLIN) 5718443
700 1# - ADDED ENTRY--PERSONAL NAME
Personal name Brühl, Daniel,
Dates associated with a name 1978-
Relator code act
9 (RLIN) 70432
700 1# - ADDED ENTRY--PERSONAL NAME
Personal name López de Ayala, Pilar,
Dates associated with a name 1978-
Relator code act
9 (RLIN) 6237039
700 1# - ADDED ENTRY--PERSONAL NAME
Personal name Purnell, Ella.
Relator code act
9 (RLIN) 5957528
700 1# - ADDED ENTRY--PERSONAL NAME
Personal name Corchero, Izán.
Relator code act
9 (RLIN) 6237040
700 1# - ADDED ENTRY--PERSONAL NAME
Personal name Alterio, Héctor,
Dates associated with a name 1929-
Relator code act
9 (RLIN) 6222752
700 1# - ADDED ENTRY--PERSONAL NAME
Personal name Casariego, Nicolás,
Dates associated with a name 1970-
Relator code aus
9 (RLIN) 6237041
700 1# - ADDED ENTRY--PERSONAL NAME
Personal name Marques, Jaime.
Relator code aus
9 (RLIN) 6237042
700 1# - ADDED ENTRY--PERSONAL NAME
Personal name Fresnadillo, Juan Carlos,
Dates associated with a name 1967-
Relator code drt
9 (RLIN) 6237043
710 2# - ADDED ENTRY--CORPORATE NAME
Corporate name or jurisdiction name as entry element Millennium Entertainment, LLC.
9 (RLIN) 5896335
710 2# - ADDED ENTRY--CORPORATE NAME
Corporate name or jurisdiction name as entry element Apaches Entertainment (Firm)
9 (RLIN) 6237044
710 2# - ADDED ENTRY--CORPORATE NAME
Corporate name or jurisdiction name as entry element Antena 3 Films.
9 (RLIN) 6188791
942 ## - ADDED ENTRY ELEMENTS (KOHA)
Koha item type DVD
994 ## -
-- C0
-- UINTA
998 ## - LOCAL CONTROL INFORMATION (RLIN)
-- a152837
Holdings
Withdrawn status Lost status Source of classification or shelving scheme Damaged status Not for loan Collection code Home library Current library Shelving location Date acquired Source of acquisition Total Checkouts Total Renewals Full call number Barcode Date last seen Date checked out Cost, replacement price Price effective from Koha item type
    Dewey Decimal Classification     Movies Wasatch County Library Wasatch County Library Audio Visual Area 08/03/2023 Donation 4 5 DVD Intruders 34301002003186 10/20/2025 09/22/2025 5.00 08/03/2023 DVD
This project was made possible through a grant from the Institute of Museum and Library Service administered by the Utah State Library Division.

Wasatch County Library

  • 465 East 1200 South, Heber City, Utah 84032
  • Phone 435-654-1511 | Fax 435-654-6456

Hours

  • Monday - Friday 9:30 AM - 8:00 PM
  • Saturday 9:30 AM - 1:30 PM
  • Closed Sundays and Holidays